| 000 | 00428nam a22001457a 4500 | ||
|---|---|---|---|
| 020 | _a056600345 | ||
| 082 |
_a355.4 _bALF _cL-30, P-51 |
||
| 100 |
_aAlford, Jonathan _948787 |
||
| 245 |
_aThe Impact of the new Military Technology _cAlford, Jonathan |
||
| 260 |
_aEngland _bGower Publishing Company _c1981 |
||
| 300 |
_ap132.: _bill,; _c25cm |
||
| 526 |
_a0 _b0 _c0 _d355_400000000000000_ALF |
||
| 650 |
_aMCE _9379 |
||
| 942 |
_2ddc _cBK |
||
| 999 |
_c551642 _d551642 |
||